A. WESLEY POWELL LEARNING RESOURCE CENTRE (WPLRC)

Wonderful Place to Learn, Research & Collaborate

The Challenge of The challenge of development / (Record no. 14849)

MARC details
000 -LEADER
fixed length control field 01662nam a2200385 a 4500
001 - ACCESSION NUMBER
control field 3023474
003 - CONTROL NUMBER IDENTIFIER
control field OSt
005 - DATE AND TIME OF LATEST TRANSACTION
control field 20201130122007.0
008 - FIXED-LENGTH DATA ELEMENTS--GENERAL INFORMATION
fixed length control field 940622s1993 nsca b 100 0 eng d
020 ## - INTERNATIONAL STANDARD BOOK NUMBER
International Standard Book Number 0770394884
035 ## - SYSTEM CONTROL NUMBER
System control number (OCoLC)29468774
040 ## - CATALOGING SOURCE
Original cataloging agency CaNSHD
Language of cataloging eng
Transcribing agency CaOONL
Modifying agency DLC
042 ## - AUTHENTICATION CODE
Authentication code lccopycat
043 ## - GEOGRAPHIC AREA CODE
Geographic area code d------
050 00 - LIBRARY OF CONGRESS CALL NUMBER
Classification number HC59.7
Item number .C3357 1993
055 #0 - CLASSIFICATION NUMBERS ASSIGNED IN CANADA
Classification number HD82
Item number C44 1992
055 #1 - CLASSIFICATION NUMBERS ASSIGNED IN CANADA
Classification number HD82
082 00 - DEWEY DECIMAL CLASSIFICATION NUMBER
Classification number 330.82
Edition number 20
245 04 - TITLE STATEMENT
Title The Challenge of The challenge of development /
Statement of responsibility, etc. edited by A.D. Tillett.
260 ## - PUBLICATION, DISTRIBUTION, ETC. (IMPRINT)
Place of publication, distribution, etc. Halifax, N.S. :
Name of publisher, distributor, etc. Lester Pearson Institute for International Development, Dalhousie University,
Date of publication, distribution, etc. 1993.
300 ## - PHYSICAL DESCRIPTION
Extent x, 114 p. :
Other physical details ill. ;
Dimensions 23 cm.
500 ## - GENERAL NOTE
General note "Papers from a colloquium convened by the Lester Pearson Institute for International Development, Dalhousie University, Halifax, Nova Scotia, Canada, March 27 & 28, 1992."
504 ## - BIBLIOGRAPHY, ETC. NOTE
Bibliography, etc Includes bibliographical references.
610 26 - SUBJECT ADDED ENTRY--CORPORATE NAME
Corporate name or jurisdiction name as entry element Banque internationale pour la reconstruction et le développement.
Title of a work Rapport sur le développement dans le monde (1991)
General subdivision Congrès.
650 #0 - SUBJECT ADDED ENTRY--TOPICAL TERM
Topical term or geographic name as entry element Non-governmental organizations
Geographic subdivision Developing countries
General subdivision Congresses.
650 #0 - SUBJECT ADDED ENTRY--TOPICAL TERM
Topical term or geographic name as entry element Economic development
General subdivision Congresses.
650 #6 - SUBJECT ADDED ENTRY--TOPICAL TERM
Topical term or geographic name as entry element Développement économique
General subdivision Congrès.
651 #0 - SUBJECT ADDED ENTRY--GEOGRAPHIC NAME
Geographic name Developing countries
General subdivision Economic policy
-- Congresses.
700 1# - ADDED ENTRY--PERSONAL NAME
Personal name Tillett, A.
710 2# - ADDED ENTRY--CORPORATE NAME
Corporate name or jurisdiction name as entry element Lester Pearson Institute for International Development.
906 ## - LOCAL DATA ELEMENT F, LDF (RLIN)
a 7
b cbc
c copycat
d 3
e ncip
f 19
g y-gencatlg
942 ## - ADDED ENTRY ELEMENTS (KOHA)
Source of classification or shelving scheme Dewey Decimal Classification
Koha item type Circ Books
Holdings
Withdrawn status Lost status Source of classification or shelving scheme Damaged status Not for loan Home library Current library Date acquired Total Checkouts Full call number Barcode Date last seen Cost, replacement price Price effective from Koha item type
    Dewey Decimal Classification     Wesley Powell Learning Resource Centre Wesley Powell Learning Resource Centre 11/30/2020   330.82/CHA 47528 11/30/2020 0.00 11/30/2020 Circ Books